Pays visités par Picsou sur une carte - Statistiques

Statistiques générales
  • Ce quiz a été pris 165 fois
    53 depuis la dernière actualisation
  • Le résultat moyen est 38 sur 53
Réponses sur la Carte
Les réponses sont colorées sur une échelle allant du rouge au vert en fonction du pourcentage des utilisateurs qui les ont devinées à leur premier essai. Vous pouvez retrouver ces pourcentages ci-dessous.
 
Statistiques - réponses
Pays % Correct
Canada
98%
États-Unis
98%
Australie
96%
France
96%
Royaume-Uni
96%
Russie
96%
Brésil
93%
Espagne
91%
Allemagne
89%
Finlande
89%
Italie
89%
Japon
89%
Pérou
89%
Mexique
87%
Afrique du Sud
85%
Algérie
85%
Norvège
85%
Suède
85%
Égypte
83%
Grèce
83%
Inde
83%
Maroc
83%
Danemark
80%
Suisse
80%
Turquie
80%
Colombie
78%
Islande
78%
Pays-Bas
78%
Irlande
76%
Arabie Saoudite
74%
Indonésie
74%
Pologne
70%
Autriche
67%
Iran
67%
République Démocratique du Congo
67%
Bolivie
65%
Mongolie
63%
Venezuela
63%
Vietnam
61%
Irak
59%
Panama
57%
Syrie
57%
Roumanie
54%
Cambodge
52%
Népal
52%
Pakistan
52%
Malaisie
50%
Soudan
43%
Jamaïque
41%
Tanzanie
39%
Géorgie
26%
Botswana
15%
Trinité-et-Tobago
11%
Aucun quiz correspondant
Distribution des résultats
% des personnes avec chaque résultat
Percentile par nombre de réponses
Votre historique - résultats
Vous n’avez pas pris ce quiz depuis la dernière actualisation